The serpent's promise: the bible retold as science (Record no. 80415)
[ view plain ]
| 000 -LEADER | |
|---|---|
| fixed length control field | 00843nam a2200193 a 4500 |
| 008 - FIXED-LENGTH DATA ELEMENTS--GENERAL INFORMATION | |
| fixed length control field | 150902s2013 ||||||||||||||||| || u |
| 020 ## - INTERNATIONAL STANDARD BOOK NUMBER | |
| International Standard Book Number | 9781408702857 |
| 050 ## - LIBRARY OF CONGRESS CALL NUMBER | |
| Classification number | BS 650 Jon |
| 100 ## - MAIN ENTRY--PERSONAL NAME | |
| Personal name | Jones, Steve |
| 245 10 - TITLE STATEMENT | |
| Title | The serpent's promise: the bible retold as science |
| Statement of responsibility, etc. | by Steve Jones |
| 260 ## - PUBLICATION, DISTRIBUTION, ETC. | |
| Place of publication, distribution, etc. | London: |
| Name of publisher, distributor, etc. | Little, Brown and Company |
| Date of publication, distribution, etc. | 2013 |
| 300 ## - PHYSICAL DESCRIPTION | |
| Extent | 436p.: ill. |
| 350 ## - | |
| -- | 15.98 |
| 650 ## - SUBJECT ADDED ENTRY--TOPICAL TERM | |
| Topical term or geographic name entry element | BIBLE AND SCIENCE |
| 650 ## - SUBJECT ADDED ENTRY--TOPICAL TERM | |
| Topical term or geographic name entry element | NATURE IN THE BIBLE |
| 650 ## - SUBJECT ADDED ENTRY--TOPICAL TERM | |
| Topical term or geographic name entry element | RELIGION AND SCIENCE |
| 995 ## - | |
| -- | MAIN LIBRARY OPEN ACCESS |
| -- | 745610 |
| -- | CBU-MAIN LIBRARY (Kitwe) |
| -- | 15.98 |
| -- | BS 650 Jon |
| -- | 1 |
| -- | AVAILABLE |
| -- | Sep 2, 2015 |
| -- | 745610 |
| -- | Main Library Open Access Collection |
| 995 ## - | |
| -- | MEDICAL LIBRARY OPEN ACCESS |
| -- | 903147 |
| -- | CBU-SCHOOL OF MEDICINE LIBRARY (Ndola) |
| -- | 15.98 |
| -- | BS 650 Jon |
| -- | 2 |
| -- | AVAILABLE |
| -- | Sep 2, 2015 |
| -- | 903147 |
| -- | Medical Library Open Access Collection |
| 999 ## - | |
| -- | 80415 |
| -- | 80415 |
| Withdrawn status | Lost status | Source of classification or shelving scheme | Damaged status | Not for loan | Permanent Location | Current Location | Shelving location | Date acquired | Total Checkouts | Full call number | Barcode | Date last seen | Copy number | Price effective from | Koha item type |
|---|---|---|---|---|---|---|---|---|---|---|---|---|---|---|---|
| CBU-MAIN LIBRARY, KITWE. | CBU-MAIN LIBRARY, KITWE. | 06/29/2023 | BS 650 Jon | 745610 | 06/29/2023 | 1 | 06/29/2023 | MONOGRAPH | |||||||
| CBU-SCHOOL OF MEDICINE LIBRARY, NDOLA. | CBU-SCHOOL OF MEDICINE LIBRARY, NDOLA. | 06/29/2023 | BS 650 Jon | 903147 | 06/29/2023 | 2 | 06/29/2023 | MONOGRAPH |